000 00340nam a2200157Ia 4500
008 210210b1889 xxu||||| |||| 00| 0 eng d
041 _aeng
082 _a829/158
100 _aCOLLINS (W W)
245 _aBitter Bit
260 _aMadras
_b-
_c1889
650 _aBitter
650 _aBit
690 _aEnglish Fiction
906 _a016764
999 _c136445
_d136445